[Event "HUN-chT2 Szechenyi 1819"]
[Site "Hungary"]
[Date "2019.03.31"]
[Round "8.5"]
[White "Szabo, Balazs1111"]
[Black "Szakaly, Laszlo"]
[Result "1/2-1/2"]
[WhiteElo "1972"]
[BlackElo "1969"]
[PlyCount "47"]
[EventDate "2018.10.28"]
[EventType "team-tourn"]
[EventRounds "9"]
[EventCountry "HUN"]
[SourceTitle "EXT 2021"]
[Source "ChessBase"]
[SourceDate "2020.10.23"]
[SourceVersion "1"]
[SourceVersionDate "2020.10.23"]
[SourceQuality "1"]
[WhiteTeam "Veszprem Ezust Huszar"]
[BlackTeam "Keszthely Spartacus"]
[WhiteTeamCountry "HUN"]
[BlackTeamCountry "HUN"]

1. e4 c5 2. Nf3 d6 3. d4 cxd4 4. Nxd4 Nf6 5. Nc3 g6 6. Be3 Bg7 7. f3 0-0 8. Qd2 Nc6 9. 0-0-0 Nxd4 10. Bxd4 Be6 11. g4 Qa5 12. Kb1 Rfc8 13. Nd5 Qxd2 14. Nxf6+ Bxf6 15. Rxd2 Kg7 16. h4 Bxd4 17. Rxd4 Kf6 18. Be2 Ke5 19. Rhd1 Rc5 20. g5 Rac8 21. c3 Bc4 22. f4+ Kxf4 23. e5+ Kg3 24. Bxc4 1/2-1/2

[Event "HUN-chT2 Szechenyi 1718"]
[Site "Hungary"]
[Date "2017.12.17"]
[Round "4.4"]
[White "Barasits, Balint"]
[Black "Szakaly, Laszlo"]
[Result "1-0"]
[WhiteElo "1944"]
[BlackElo "2041"]
[PlyCount "99"]
[EventDate "2017.10.29"]
[EventType "team-tourn"]
[EventRounds "9"]
[EventCountry "HUN"]
[SourceTitle "EXT 2021"]
[Source "ChessBase"]
[SourceDate "2020.10.23"]
[SourceVersion "1"]
[SourceVersionDate "2020.10.23"]
[SourceQuality "1"]
[WhiteTeam "Arboretum"]
[BlackTeam "Keszthely Spartacus"]
[WhiteTeamCountry "HUN"]
[BlackTeamCountry "HUN"]

1. e4 c5 2. Nf3 d6 3. d4 cxd4 4. Nxd4 Nf6 5. Nc3 g6 6. Be3 Bg7 7. f3 0-0 8. Qd2 Nc6 9. 0-0-0 Nxd4 10. Bxd4 Be6 11. Kb1 Qc7 12. h4 Rfc8 13. h5 Qa5 14. hxg6 hxg6 15. Nd5 Qxd2 16. Nxf6+ Bxf6 17. Rxd2 Bxd4 18. Rxd4 Kg7 19. Be2 Kf6 20. Rdd1 Rh8 21. b3 Rxh1 22. Rxh1 Ke5 23. Kc1 Kf4 24. Kd2 Kg3 25. Bf1 Rc8 26. c4 a5 27. Ke3 a4 28. Bd3 axb3 29. axb3 Ra8 30. Rb1 Ra2 31. Bf1 g5 32. Rc1 Rb2 33. Rc3 b6 34. Kd4 Kf2 35. Bd3 Kxg2 36. Ke3 Rf2 37. Be2 Kg3 38. Rc1 Rh2 39. Ra1 Kh4 40. Ra8 g4 41. Kf4 Bc8 42. Rxc8 e5+ 43. Ke3 g3 44. Rh8+ Kg5 45. Rg8+ Kh4 46. Bf1 Rb2 47. Rg4+ Kh5 48. Rxg3 Rxb3+ 49. Kf2 Kh4 50. Rg7 1-0

[Event "HUN-chT2 Szechenyi 1718"]
[Site "Hungary"]
[Date "2017.10.29"]
[Round "1.5"]
[White "Szakaly, Laszlo"]
[Black "Geroly, Jozsef"]
[Result "1-0"]
[WhiteElo "2041"]
[BlackElo "1885"]
[PlyCount "107"]
[EventDate "2017.10.29"]
[EventType "team-tourn"]
[EventRounds "9"]
[EventCountry "HUN"]
[SourceTitle "EXT 2021"]
[Source "ChessBase"]
[SourceDate "2020.10.23"]
[SourceVersion "1"]
[SourceVersionDate "2020.10.23"]
[SourceQuality "1"]
[WhiteTeam "Keszthely Spartacus"]
[BlackTeam "Veszprem Ezust Huszar"]
[WhiteTeamCountry "HUN"]
[BlackTeamCountry "HUN"]

1. e4 d6 2. d4 g6 3. Nc3 Bg7 4. Be3 a6 5. Qd2 b5 6. Nf3 Bb7 7. Bd3 Nd7 8. a4 b4 9. Ne2 c5 10. c3 a5 11. 0-0 Rc8 12. Bc2 Qc7 13. Rfc1 Ngf6 14. Ng3 0-0 15. Bh6 Qb6 16. Bxg7 Kxg7 17. e5 Ng8 18. Be4 d5 19. Bd3 c4 20. Bf1 h6 21. Re1 e6 22. Qf4 Qd8 23. h4 b3 24. h5 g5 25. Qg4 Kh8 26. Nh2 Ne7 27. f4 Rg8 28. f5 Rc6 29. Qf3 Qf8 30. Ng4 Kh7 31. Be2 f6 32. fxe6 Rxe6 33. exf6 Nxf6 34. Rf1 Nd7 35. Qxf8 Rxf8 36. Rxf8 Nxf8 37. Ne5 Rf6 38. Bg4 Bc8 39. Bxc8 Nxc8 40. Re1 Nd6 41. Nc6 Ne4 42. Nxe4 Rxc6 43. Nc5 Kg7 44. Re7+ Kf6 45. Ra7 Ne6 46. Nd7+ Kf5 47. Ne5 Rb6 48. Rxa5 Nxd4 49. Nxc4 Ne2+ 50. Kf2 Nxc3 51. Nxb6 Nd1+ 52. Ke2 Nxb2 53. Rxd5+ Ke4 54. Rb5 1-0

[Event "HUN-chT2 Szechenyi 1617"]
[Site "Hungary"]
[Date "2017.03.12"]
[Round "10.7"]
[White "Kerecsenyi, Zoltan"]
[Black "Szakaly, Laszlo"]
[Result "1/2-1/2"]
[WhiteElo "1651"]
[BlackElo "2035"]
[PlyCount "47"]
[EventDate "2016.09.25"]
[EventType "team-tourn"]
[EventRounds "11"]
[EventCountry "HUN"]
[SourceTitle "EXT 2021"]
[Source "ChessBase"]
[SourceDate "2020.10.23"]
[SourceVersion "1"]
[SourceVersionDate "2020.10.23"]
[SourceQuality "1"]
[WhiteTeam "Papa"]
[BlackTeam "Keszthely Spartacus"]
[WhiteTeamCountry "HUN"]
[BlackTeamCountry "HUN"]

1. Nf3 g6 2. g3 Bg7 3. Bg2 Nf6 4. d3 d6 5. 0-0 0-0 6. e4 e5 7. h3 Nbd7 8. Nc3 c6 9. b4 Nh5 10. Rb1 f5 11. Bg5 Qe8 12. exf5 gxf5 13. Qd2 f4 14. g4 Nhf6 15. Rfe1 h6 16. Bxf6 Nxf6 17. b5 Bd7 18. Rb4 cxb5 19. Rxf4 Qc8 20. Rxf6 Rxf6 21. Nd5 Rf7 22. g5 Qf8 23. Nh2 Re8 24. Nc7 1/2-1/2

[Event "HUN-chT2 Szechenyi 1617"]
[Site "Hungary"]
[Date "2016.12.11"]
[Round "6.6"]
[White "Szakaly, Laszlo"]
[Black "Nemeth, Jozsef1111"]
[Result "1-0"]
[WhiteElo "2035"]
[BlackElo "2061"]
[PlyCount "115"]
[EventDate "2016.09.25"]
[EventType "team-tourn"]
[EventRounds "11"]
[EventCountry "HUN"]
[SourceTitle "EXT 2021"]
[Source "ChessBase"]
[SourceDate "2020.10.23"]
[SourceVersion "1"]
[SourceVersionDate "2020.10.23"]
[SourceQuality "1"]
[WhiteTeam "Keszthely Spartacus"]
[BlackTeam "Csuti Baki Agrocentrum"]
[WhiteTeamCountry "HUN"]
[BlackTeamCountry "HUN"]

1. e4 c5 2. Nf3 e6 3. d4 cxd4 4. Nxd4 Nc6 5. Nc3 Qc7 6. g3 Nf6 7. Bg2 a6 8. 0-0 Bc5 9. Nxc6 bxc6 10. Re1 0-0 11. e5 Nd5 12. Ne4 Be7 13. c4 Nb6 14. Nd6 f6 15. f4 a5 16. b3 Bxd6 17. exd6 Qb8 18. a4 Ba6 19. Ba3 Bb7 20. Be4 c5 21. Bxc5 Bxe4 22. Rxe4 Rc8 23. Ba3 Qb7 24. Qd3 Rc6 25. Rd1 Rb8 26. Re3 Qa7 27. g4 Rbc8 28. Qd4 Qb7 29. Qd3 Qa7 30. g5 Nd5 31. c5 Nxe3 32. Qxe3 Rxc5 33. Bxc5 Qxc5 34. Kf2 fxg5 35. Qxc5 Rxc5 36. fxg5 Rxg5 37. Rd4 Kf7 38. h4 Rc5 39. b4 axb4 40. Rxb4 Rc6 41. Rf4+ Kg6 42. Rg4+ Kf6 43. Rf4+ Ke5 44. Rf7 Kxd6 45. Rxg7 Rc4 46. Rxh7 Rxa4 47. h5 e5 48. Rh8 Kd5 49. Kg3 Ke4 50. h6 d5 51. Rg8 Ra1 52. h7 Rh1 53. Rg4+ Ke3 54. Rh4 Rg1+ 55. Kh2 Kf2 56. Rh5 Rg2+ 57. Kh3 Rg3+ 58. Kh4 1-0

[Event "HUN-chT2 Szechenyi 1516"]
[Site "Hungary"]
[Date "2016.02.14"]
[Round "7.6"]
[White "Parragi, Istvan"]
[Black "Szakaly, Laszlo"]
[Result "1-0"]
[WhiteElo "1960"]
[BlackElo "2030"]
[PlyCount "107"]
[EventDate "2015.09.13"]
[EventType "team-tourn"]
[EventRounds "11"]
[EventCountry "HUN"]
[SourceTitle "EXT 2017"]
[Source "ChessBase"]
[SourceDate "2016.10.25"]
[SourceVersion "1"]
[SourceVersionDate "2016.10.25"]
[SourceQuality "1"]
[WhiteTeam "Zala Volan"]
[BlackTeam "Keszthely Spartacus"]
[WhiteTeamCountry "HUN"]
[BlackTeamCountry "HUN"]

1. e4 c5 2. Nf3 d6 3. d4 cxd4 4. Nxd4 Nf6 5. Nc3 g6 6. Be3 Bg7 7. Qd2 0-0 8. f3 Nc6 9. Bc4 Bd7 10. 0-0-0 Rc8 11. Bb3 Nxd4 12. Bxd4 b5 13. Bxa7 Qa5 14. Bd4 b4 15. Nd5 Nxd5 16. exd5 Ba4 17. Qe3 Bxd4 18. Rxd4 Rc5 19. Rhd1 Rfc8 20. R1d2 Rc3 21. bxc3 Bxb3 22. cxb3 Rxc3+ 23. Qxc3 bxc3 24. Rc2 Qc5 25. Rd1 e6 26. dxe6 fxe6 27. Re2 d5 28. Kc2 d4 29. Rd3 Qa3 30. Rxd4 Qxa2+ 31. Kd3 Qxb3 32. Rc2 Qb5+ 33. Kxc3 Qe5 34. h3 Kf7 35. Kd3 Kf6 36. Re4 Qb5+ 37. Ke3 Qf1 38. Re2 Qg1+ 39. Kd2 e5 40. h4 h6 41. f4 Qh2 42. fxe5+ Ke6 43. Rg4 g5 44. hxg5 hxg5 45. Re3 Kf5 46. Rgg3 Qh4 47. e6 Qb4+ 48. Ke2 Qc4+ 49. Kf2 Qa2+ 50. Re2 Qa7+ 51. Rge3 Qe7 52. Kg3 Qd6+ 53. Re5+ Kf6 54. e7 1-0

[Event "HUN-chT2 Szechenyi 1516"]
[Site "Hungary"]
[Date "2015.09.13"]
[Round "1.4"]
[White "Szakaly, Laszlo"]
[Black "Joo, Gabor"]
[Result "1-0"]
[WhiteElo "2030"]
[BlackElo "2052"]
[PlyCount "47"]
[EventDate "2015.09.13"]
[EventType "team-tourn"]
[EventRounds "11"]
[EventCountry "HUN"]
[SourceTitle "CBM 170 Extra"]
[Source "ChessBase"]
[SourceDate "2016.02.25"]
[SourceVersion "1"]
[SourceVersionDate "2016.02.25"]
[SourceQuality "1"]
[WhiteTeam "Keszthely Spartacus"]
[BlackTeam "HVSE Infraplan"]
[WhiteTeamCountry "HUN"]
[BlackTeamCountry "HUN"]

1. e4 c5 2. Nf3 d6 3. d4 cxd4 4. Nxd4 Nf6 5. Nc3 g6 6. Be3 Bg7 7. f3 0-0 8. Qd2 Nc6 9. Bc4 Bd7 10. Bb3 Rc8 11. h4 h5 12. 0-0-0 Ne5 13. Bg5 Nc4 14. Qe2 Na5 15. Kb1 Nxb3 16. axb3 Re8 17. g4 hxg4 18. h5 gxf3 19. Qd2 Qa5 20. h6 Bh8 21. h7+ Nxh7 22. Qh2 Bg7 23. Qxh7+ Kf8 24. Nd5 1-0

[Event "HUN-chT2 Szechenyi 1415"]
[Site "Hungary"]
[Date "2015.01.25"]
[Round "7.4"]
[White "Szakaly, Laszlo"]
[Black "Domonkos, Andras"]
[Result "1/2-1/2"]
[WhiteElo "2016"]
[BlackElo "1953"]
[PlyCount "104"]
[EventDate "2014.09.07"]
[EventType "team-tourn"]
[EventRounds "11"]
[EventCountry "HUN"]
[SourceTitle "EXT 2016"]
[Source "ChessBase"]
[SourceDate "2015.10.08"]
[SourceVersion "1"]
[SourceVersionDate "2015.10.08"]
[SourceQuality "1"]
[WhiteTeam "Keszthely"]
[BlackTeam "Veszprem"]
[WhiteTeamCountry "HUN"]
[BlackTeamCountry "HUN"]

1. e4 c5 2. Nf3 Nc6 3. d4 cxd4 4. Nxd4 e5 5. Nb3 Nf6 6. Bg5 Be7 7. Nc3 0-0 8. Bxf6 Bxf6 9. Nd5 d6 10. Bc4 Be6 11. 0-0 Bxd5 12. Bxd5 Qc7 13. c3 Rad8 14. Qe2 Ne7 15. Rad1 Nxd5 16. Rxd5 Be7 17. Rfd1 a6 18. a4 f5 19. Nd2 f4 20. a5 b5 21. c4 Qxa5 22. cxb5 axb5 23. Rxb5 Qc7 24. Qc4+ Qxc4 25. Nxc4 Rb8 26. Rb6 Rxb6 27. Nxb6 Kf7 28. Nd5 Rb8 29. b4 Bd8 30. Ra1 Rb7 31. Ra6 Ke6 32. Kf1 g5 33. h3 h5 34. Ra8 Kd7 35. Ke2 g4 36. hxg4 hxg4 37. f3 gxf3+ 38. Kxf3 Bh4 39. Rh8 Be1 40. Rh7+ Kc8 41. Rxb7 Kxb7 42. b5 Bd2 43. Kg4 Bc1 44. Kf5 Ba3 45. Ke6 Bc5 46. Kd7 Ba3 47. Ne7 Kb6 48. Nc8+ Kxb5 49. Nxd6+ Kc5 50. Ke6 Kd4 51. Nb5+ Kxe4 52. Nxa3 f3 1/2-1/2

[Event "HUN-chT2 Szechenyi 1415"]
[Site "Hungary"]
[Date "2014.11.30"]
[Round "5.4"]
[White "Szakaly, Laszlo"]
[Black "Szabo, Benjamin"]
[Result "1-0"]
[WhiteElo "2016"]
[BlackElo "1941"]
[PlyCount "57"]
[EventDate "2014.09.07"]
[EventType "team-tourn"]
[EventRounds "11"]
[EventCountry "HUN"]
[SourceTitle "EXT 2016"]
[Source "ChessBase"]
[SourceDate "2015.10.08"]
[SourceVersion "1"]
[SourceVersionDate "2015.10.08"]
[SourceQuality "1"]
[WhiteTeam "Keszthely"]
[BlackTeam "Tapolca"]
[WhiteTeamCountry "HUN"]
[BlackTeamCountry "HUN"]

1. e4 c5 2. Nf3 e6 3. d4 cxd4 4. Nxd4 a6 5. Nc3 Qc7 6. g3 Nf6 7. Bg2 Nc6 8. 0-0 Be7 9. Re1 d6 10. Nxc6 bxc6 11. e5 Nd7 12. exd6 Bxd6 13. Qg4 g6 14. Bh6 Be5 15. Rad1 Bb7 16. f4 Nf6 17. Qg5 Bxc3 18. bxc3 Nd5 19. c4 Ne7 20. Bg7 Rg8 21. Be5 Qb6+ 22. Bd4 Qc7 23. Bc5 Nf5 24. g4 h6 25. Qf6 Ng7 26. Bd6 Qd8 27. Qb2 Bc8 28. Be5 Bd7 29. Bxg7 1-0

[Event "HUN-chT2 Szechenyi 1213"]
[Site "Hungary"]
[Date "2013.04.07"]
[Round "10.6"]
[White "Szakaly, Laszlo"]
[Black "Haasz, Gyula"]
[Result "1-0"]
[WhiteElo "2021"]
[BlackElo "1797"]
[PlyCount "89"]
[EventDate "2012.09.16"]
[EventType "team-tourn"]
[EventRounds "11"]
[EventCountry "HUN"]
[SourceTitle "EXT 2014"]
[Source "ChessBase"]
[SourceDate "2013.11.20"]
[SourceVersion "1"]
[SourceVersionDate "2013.11.20"]
[SourceQuality "1"]
[WhiteTeam "Keszthely"]
[BlackTeam "Zalaegerszeg Bagi"]
[WhiteTeamCountry "HUN"]
[BlackTeamCountry "HUN"]

1. e4 c6 2. d4 d5 3. e5 Bf5 4. Nc3 e6 5. g4 Bg6 6. Nge2 f6 7. Nf4 Bf7 8. Qe2 g5 9. Nd3 Nd7 10. f4 h6 11. Bg2 fxe5 12. fxe5 Bg7 13. Be3 Ne7 14. 0-0-0 b5 15. Rdf1 Ng6 16. Bf2 Qb6 17. Qd2 a5 18. Kb1 a4 19. Ne2 Bf8 20. c3 Be7 21. Bg3 0-0 22. h4 Kg7 23. h5 Nh8 24. Rf3 Bg8 25. Rhf1 Rxf3 26. Rxf3 Bh7 27. Rf1 c5 28. Ka1 Nf7 29. dxc5 Nxc5 30. Nxc5 Bxc5 31. Nd4 Be7 32. Qf2 Rf8 33. Nf5+ Bxf5 34. Qxb6 Bxg4 35. Bxd5 Nd8 36. Rxf8 Kxf8 37. Qf2+ Kg7 38. Bf3 Bf5 39. Qe2 b4 40. Be4 bxc3 41. bxc3 a3 42. Bxf5 exf5 43. Qa6 f4 44. Qg6+ Kf8 45. Qxh6+ 1-0

[Event "HUN-chT2 Szechenyi 1112"]
[Site "Hungary"]
[Date "2012.03.12"]
[Round "7.6"]
[White "Gaal, Ede"]
[Black "Szakaly, Laszlo"]
[Result "1-0"]
[WhiteElo "2058"]
[BlackElo "2062"]
[PlyCount "41"]
[EventDate "2011.09.25"]
[EventType "team-tourn"]
[EventRounds "11"]
[EventCountry "HUN"]
[SourceTitle "EXT 2013"]
[Source "ChessBase"]
[SourceDate "2012.11.22"]
[SourceVersion "1"]
[SourceVersionDate "2012.11.22"]
[SourceQuality "1"]
[WhiteTeam "Lovo"]
[BlackTeam "Keszthely"]
[WhiteTeamCountry "HUN"]
[BlackTeamCountry "HUN"]

1. e4 c5 2. c3 d5 3. exd5 Qxd5 4. d4 Nf6 5. Nf3 Bg4 6. dxc5 Qxd1+ 7. Kxd1 e5 8. b4 e4 9. h3 Bh5 10. g4 Bg6 11. Bb5+ Nc6 12. Nd4 0-0-0 13. Bxc6 bxc6 14. Be3 Nd5 15. Kc2 Kb7 16. Nd2 Be7 17. Nc4 Nxe3+ 18. fxe3 Bg5 19. Na5+ Kc7 20. Naxc6 Rd5 21. Rhe1 1-0

[Event "HUN-chT2 Szechenyi 0910"]
[Site "Hungary"]
[Date "2010.03.21"]
[Round "8.4"]
[White "Szakaly, Laszlo"]
[Black "Bartha, Sandor"]
[Result "0-1"]
[WhiteElo "2068"]
[BlackElo "2193"]
[PlyCount "108"]
[EventDate "2009.11.08"]
[EventType "team-tourn"]
[EventRounds "11"]
[EventCountry "HUN"]
[SourceTitle "EXT 2011"]
[Source "ChessBase"]
[SourceDate "2010.11.26"]
[SourceVersion "1"]
[SourceVersionDate "2010.11.26"]
[SourceQuality "1"]
[WhiteTeam "Kertvaros"]
[BlackTeam "BSC"]
[WhiteTeamCountry "HUN"]
[BlackTeamCountry "HUN"]

1. e4 c5 2. Nf3 d6 3. d4 cxd4 4. Nxd4 Nf6 5. Nc3 a6 6. Be3 e6 7. f3 Be7 8. Qd2 0-0 9. g4 b5 10. 0-0-0 b4 11. Nce2 a5 12. h4 Bb7 13. g5 Nfd7 14. h5 Ne5 15. Ng3 Nbc6 16. Nxc6 Bxc6 17. Be2 d5 18. f4 Nc4 19. Bxc4 dxc4 20. Qf2 Qc8 21. Bc5 Qb7 22. Bxe7 Qxe7 23. h6 g6 24. Qd4 f6 25. f5 Rac8 26. fxg6 hxg6 27. Rdf1 e5 28. Qxc4+ Kh8 29. gxf6 Qf7 30. Qxf7 Rxf7 31. Rh2 Rcf8 32. Kd2 Rxf6 33. Rxf6 Rxf6 34. Ke3 Kh7 35. c3 bxc3 36. bxc3 Bd7 37. Rd2 Bg4 38. Rf2 Rxf2 39. Kxf2 Kxh6 40. a3 Kg5 41. Ke3 Kf6 42. Nf1 Be6 43. Kf3 Ke7 44. Ne3 Kd6 45. Ng4 Bc8 46. Ne3 Kc5 47. Ke2 g5 48. Kd2 Be6 49. Kd3 g4 50. Nf5 Kb5 51. Nd6+ Ka4 52. Nb7 Bc8 53. Nd6 Ba6+ 54. Kc2 g3 0-1

[Event "HUN-chT2 Szechenyi 0910"]
[Site "Hungary"]
[Date "2010.03.14"]
[Round "6.4"]
[White "Szakaly, Laszlo"]
[Black "Babos, Zsolt"]
[Result "1-0"]
[WhiteElo "2068"]
[BlackElo "1951"]
[PlyCount "95"]
[EventDate "2009.11.08"]
[EventType "team-tourn"]
[EventRounds "11"]
[EventCountry "HUN"]
[SourceTitle "EXT 2011"]
[Source "ChessBase"]
[SourceDate "2010.11.26"]
[SourceVersion "1"]
[SourceVersionDate "2010.11.26"]
[SourceQuality "1"]
[WhiteTeam "Kertvaros"]
[BlackTeam "HVSE Infraplan"]
[WhiteTeamCountry "HUN"]
[BlackTeamCountry "HUN"]

1. e4 d6 2. d4 Nf6 3. Nc3 Nbd7 4. f3 e5 5. Nge2 Be7 6. Be3 h6 7. Qd2 c6 8. g4 Nh7 9. 0-0-0 Bg5 10. f4 exf4 11. Nxf4 0-0 12. Kb1 b5 13. Bd3 Nb6 14. Rhg1 Qe7 15. Rdf1 b4 16. Nce2 c5 17. c3 bxc3 18. Nxc3 c4 19. Nfd5 Qb7 20. Nxb6 axb6 21. Bxc4 Bxe3 22. Qxe3 Be6 23. Bd5 Bxd5 24. Nxd5 Rfe8 25. Nc3 b5 26. Rf5 Ra5 27. Qd3 Ng5 28. Re1 Rb8 29. Re2 Ne6 30. Rd2 f6 31. b4 Ra3 32. Kb2 Qa6 33. Rd5 Rc8 34. Qxb5 Qa7 35. Rc2 Nxd4 36. Rxd4 Qxd4 37. Kxa3 Rxc3+ 38. Rxc3 Qxc3+ 39. Ka4 Qc2+ 40. Ka5 Qxa2+ 41. Kb6 Qxh2 42. Qd5+ Kf8 43. b5 Ke7 44. Kc7 Qf4 45. b6 Qxg4 46. Qf5 Qg2 47. Qd7+ Kf8 48. b7 1-0

[Event "HUN-chT2 Szechenyi 0910"]
[Site "Hungary"]
[Date "2009.11.22"]
[Round "2.4"]
[White "Szakaly, Laszlo"]
[Black "Mihalyfi, Gabor"]
[Result "0-1"]
[WhiteElo "2068"]
[BlackElo "2082"]
[PlyCount "120"]
[EventDate "2009.11.08"]
[EventType "team-tourn"]
[EventRounds "11"]
[EventCountry "HUN"]
[SourceTitle "EXT 2011"]
[Source "ChessBase"]
[SourceDate "2010.11.26"]
[SourceVersion "1"]
[SourceVersionDate "2010.11.26"]
[SourceQuality "1"]
[WhiteTeam "Kertvaros"]
[BlackTeam "Ajka Banyasz"]
[WhiteTeamCountry "HUN"]
[BlackTeamCountry "HUN"]

1. e4 e6 2. d4 d5 3. Nc3 Nf6 4. Bg5 Be7 5. e5 Nfd7 6. h4 Bxg5 7. hxg5 Qxg5 8. Nb5 Na6 9. Nh3 Qe7 10. Qg4 g6 11. 0-0-0 Nf8 12. Rd3 Nb4 13. Ra3 Nc6 14. c4 a6 15. Nc3 dxc4 16. Qe4 Nb4 17. Bxc4 c6 18. Rb3 Nd5 19. Qe2 Nxc3 20. bxc3 b5 21. Bd3 Bb7 22. f4 0-0-0 23. Ng5 f6 24. Ne4 f5 25. Nd6+ Kb8 26. a4 Rd7 27. axb5 cxb5 28. Kd2 g5 29. c4 Ng6 30. Rf1 Nxf4 31. Rxf4 gxf4 32. cxb5 axb5 33. Rxb5 Rxd6 34. exd6 Qxd6 35. Qf3 Qc7 36. Be2 Rd8 37. Qd3 e5 38. Rxe5 Qxe5 39. dxe5 Rxd3+ 40. Bxd3 Be4 41. Bf1 Kc7 42. Kc3 h5 43. Kd4 Kd7 44. Bb5+ Ke7 45. Bf1 h4 46. Kc5 Ke6 47. Kd4 Bd5 48. Ba6 Be4 49. Bc4+ Ke7 50. Bf1 Kf7 51. Bc4+ Kg6 52. Bf1 Kg5 53. Kc5 f3 54. gxf3 Bxf3 55. Kd6 Bh5 56. e6 f4 57. Ke5 f3 58. Bh3 Bg6 59. e7 f2 60. Bf1 Kg4 0-1

[Event "HUN-chT2 Szechenyi 0809"]
[Site "Hungary"]
[Date "2009.02.08"]
[Round "7.3"]
[White "Szeles, Karoly"]
[Black "Szakaly, Laszlo"]
[Result "1/2-1/2"]
[WhiteElo "2252"]
[BlackElo "2047"]
[PlyCount "52"]
[EventDate "2008.10.26"]
[EventType "team-tourn"]
[EventRounds "11"]
[EventCountry "HUN"]
[SourceTitle "EXT 2010"]
[Source "ChessBase"]
[SourceDate "2010.11.25"]
[SourceVersion "1"]
[SourceVersionDate "2010.11.25"]
[SourceQuality "1"]
[WhiteTeam "Zala Volan"]
[BlackTeam "Kervaros"]
[WhiteTeamCountry "HUN"]
[BlackTeamCountry "HUN"]

1. d4 Nf6 2. c4 g6 3. Nc3 Bg7 4. e4 d6 5. f4 0-0 6. Be2 Na6 7. Nf3 e5 8. fxe5 dxe5 9. d5 Nc5 10. Qc2 Nfxe4 11. Nxe4 Bf5 12. Bd3 Bxe4 13. Bxe4 f5 14. Bxf5 Rxf5 15. Be3 e4 16. Bxc5 exf3 17. 0-0 Qg5 18. Rae1 Be5 19. Kh1 Bxh2 20. Rxf3 Rxf3 21. gxf3 Qh4 22. Qe4 Bf4+ 23. Kg1 Qh2+ 24. Kf1 Qh1+ 25. Kf2 Qh2+ 26. Kf1 Qh1+ 1/2-1/2

[Event "HUN-chT2 Szechenyi 0809"]
[Site "Hungary"]
[Date "2008.12.21"]
[Round "4.3"]
[White "Szakaly, Laszlo"]
[Black "Oltean, Gusztav"]
[Result "1-0"]
[WhiteElo "2047"]
[BlackElo "2116"]
[PlyCount "75"]
[EventDate "2008.10.26"]
[EventType "team-tourn"]
[EventRounds "11"]
[EventCountry "HUN"]
[SourceTitle "EXT 2010"]
[Source "ChessBase"]
[SourceDate "2010.11.25"]
[SourceVersion "1"]
[SourceVersionDate "2010.11.25"]
[SourceQuality "1"]
[WhiteTeam "Kervaros"]
[BlackTeam "Veszprem"]
[WhiteTeamCountry "HUN"]
[BlackTeamCountry "HUN"]

1. e4 c6 2. d4 d5 3. e5 Bf5 4. Nc3 Qb6 5. g4 Bd7 6. f4 e6 7. Nge2 c5 8. Be3 Nc6 9. dxc5 Bxc5 10. Bxc5 Qxc5 11. Qd2 Nge7 12. 0-0-0 a6 13. Ne4 Qb6 14. Nd6+ Kf8 15. Nd4 Nc8 16. Nxc8 Rxc8 17. Nxc6 bxc6 18. Bd3 Rb8 19. c3 g6 20. f5 c5 21. Qh6+ Ke8 22. Rd2 exf5 23. gxf5 gxf5 24. Qg7 Ke7 25. Qg5+ Ke8 26. Bxf5 Bxf5 27. Qxf5 Qe6 28. Rf1 Rd8 29. Qg5 d4 30. Rf6 Qxa2 31. e6 d3 32. exf7+ Kf8 33. Qxc5+ Kg7 34. f8Q+ Rhxf8 35. Qg5+ Kh8 36. Rxf8+ Rxf8 37. Qe5+ Kg8 38. Rg2+ 1-0

[Event "HUN-chT2 Szechenyi 0708"]
[Site "Hungary"]
[Date "2008.03.16"]
[Round "8"]
[White "Zamodics, Ferenc"]
[Black "Szakaly, Laszlo"]
[Result "0-1"]
[WhiteElo "1915"]
[BlackElo "2036"]
[PlyCount "38"]
[EventDate "2007.10.14"]
[EventType "team"]
[EventRounds "11"]
[EventCountry "HUN"]
[SourceTitle "EXT 2009"]
[Source "ChessBase"]
[SourceDate "2008.11.26"]
[SourceVersion "1"]
[SourceVersionDate "2008.11.26"]
[SourceQuality "1"]
[WhiteTeam "Peti MTE"]
[BlackTeam "Kertvaros"]
[WhiteTeamCountry "HUN"]
[BlackTeamCountry "HUN"]

1. c4 e5 2. Nc3 Nc6 3. e3 f5 4. d3 Nf6 5. a3 g6 6. Be2 Bg7 7. Qc2 0-0 8. Nf3 d6 9. 0-0 Qe7 10. Re1 e4 11. dxe4 fxe4 12. Nd2 Bf5 13. Rb1 Rae8 14. b4 Ne5 15. Ndxe4 Nxe4 16. Nxe4 Qh4 17. Bf3 Nxf3+ 18. gxf3 Rxe4 19. fxe4 Bxe4 0-1